Doanh nghiệp dịch vụ nguyên lý điều hành

Sparad:
Bibliografiska uppgifter
Huvudupphovsman: Phan Văn Sâm
Materialtyp: Bok
Språk:Vietnamese
Publicerad: TKE 2001
Taggar: Lägg till en tagg
Inga taggar, Lägg till första taggen!
Thư viện lưu trữ: Mạng thư viện Đại học Đà Nẵng
LEADER 00635nam a2200277 4500
001 000026929
003 972
005 20150325120000.0
008 150325s vm 000 vie
020 |c 54,0000 
040 |a NOTTS 
100 |a Phan Văn Sâm 
245 |a Doanh nghiệp dịch vụ nguyên lý điều hành 
260 |b TKE  |c 2001 
300 |a 541tr. ; 
OWN |a LTT 
999 |a From the UDN01 
TYP |a Monograph 
TYP |a Printed language 
980 |a Mạng thư viện Đại học Đà Nẵng